Quick Pick: 'A' Words in Best Picture Titles Quiz Stats

 Plays Quiz Updated Jun 1, 2018

Challenge
Share
Tweet
Embed
Score 0/10 Timer 00:30
0 Plays Today
% Correct
Around
92.7%
All
91.5%
Arabia
90.4%
About
90%
Africa
89.1%
Agreement
88.8%
American
87.5%
Annie
87.1%
Apartment
76.7%
Amadeus
76.3%

Today's Daily Dose

Missing Word
'F' Pairs

Word Ladder
Mixed Synonyms

On This Day
August 15th II

You're not logged in!

Compare scores with friends on all Sporcle quizzes.
Join for Free
OR
Log In

You Might Also Like...

Show Comments

Extras

Top Quizzes Today


Score Distribution

Your Account Isn't Verified!

In order to create a playlist on Sporcle, you need to verify the email address you used during registration. Go to your Sporcle Settings to finish the process.

Report this User

Report this user for behavior that violates our Community Guidelines.

Details: